Born in Stockton/California - Statistics

General Stats
  • This quiz has been taken 8 times
  • The average score is 3 of 9
Answer Stats
Hint Answer % Correct
Social media personality, known for co-founding "The Hype House" and popularising the e-boy subculture 2002 Huddy
63%
Wide receiver who plays for the Houston Texans 1993 Brandin Cooks
50%
Mixed martial artist (UFC) 1985 Nate Diaz
50%
Billionaire and majority owner of the San Diego/Los Angeles Chargers until his death in 2018 1923 Alex Spanos
38%
Owner of the Los Angeles Chargers 1950 Dean Spanos
38%
Former tight end who played for the Denver Broncos and Jacksonville Jaguars 1988 Julius Thomas
38%
Mixed martial artist (UFC) 1983 Nick Diaz
25%
Explorer and writer, known for published accounts of her journeys 1875 Harriet Chalmers Adams
13%
Former football official and rules analyst for Fox Sports since 2010 1950 Mike Pereira
13%
No matching quizzes found
Score Distribution
Percent of People with Each Score
Percentile by Number Answered
Your Score History
You have not taken this quiz